Kesan program pendidikan kerjaya terhadap motivasi pelajar : satu kajian kes di sebuah sekolah menengah /
Saved in:
| Main Author: | |
|---|---|
| Format: | Thesis Book |
| Language: | Malay |
| Published: |
2000.
|
| Subjects: | |
| Tags: |
Add Tag
No Tags, Be the first to tag this record!
|
| LEADER | 00961cam a2200241 a 4500 | ||
|---|---|---|---|
| 001 | u476202 | ||
| 003 | SIRSI | ||
| 008 | 960110s2000 my t 00 10 may m | ||
| 035 | |a ACN-9647 | ||
| 040 | |a UMM | ||
| 090 | |a LB7 |b UM 2000 Zulh | ||
| 100 | 0 | 0 | |a Zulkifly Hussin. |
| 245 | 1 | 0 | |a Kesan program pendidikan kerjaya terhadap motivasi pelajar : |b satu kajian kes di sebuah sekolah menengah / |c Zulkifly bin Hussin. |
| 260 | |c 2000. | ||
| 300 | |a vii, 54 leaves : |b ill. ; |c 29 cm. | ||
| 502 | |a Dissertation (M.Ed.) -- Fakulti Pendidikan, Universiti Malaya, 1999. | ||
| 504 | |a Bibliography: leaves 51-54. | ||
| 650 | 0 | |a Vocational guidance |x Study and teaching | |
| 710 | 2 | 0 | |a Universiti Malaya. |b Fakulti Pendidikan. |
| 948 | |a 07/02/2001 |b 06/06/2002 | ||
| 596 | |a 1 8 | ||
| 999 | |a LB7 UM 2000 ZULH |w LC |c 1 |i A510300435 |d 25/3/2017 |e 25/3/2017 |l STACKS |m P01UTAMA |n 28 |r Y |s Y |t TESIS |u 18/7/2001 | ||
| 999 | |a LB7 UM 2000 ZULH |w LC |c 1 |i A511079095 |l STACKS |m P08PENDIDI |r Y |s Y |t TESIS |u 27/3/2003 | ||
